The Masked Singer - Deutschland Teilnehmer - Statistiken

Allgemein
  • Dieses Quiz wurde 584 mal gespielt
    19 seit der letzten Aktualisierung
  • Das Durchschnittsergebnis liegt bei 33 aus 119
Antwortstatistiken
Staffeln Kostüm Antwort % Korrekt
Rave-Loli Pietro Lombardi
75%
Astronaut Max Mutzke
69%
Skelett Sarah Lombardi
69%
Kakerlake Angelo Kelly
63%
Mülli Müller Alexander Klaws
56%
Engel Bülent Ceylan
56%
Grashüpfer Gil Ofarim
56%
Hase Sonja Zietlow
56%
Faultier Tom Beck
56%
Chamäleon Dieter Hallervorden
50%
5.Staffel Chilli Jens Riewa
50%
Erdmann Lucas Cordalis
50%
Diamantula/Mystika Patricia Kelly
50%
2.Staffel Dalmatiner Stefanie Heinzmann
50%
Alpaka Sylvie Meis
50%
Discokugel Jeanette Biedermann
44%
Pilz Marianne Rosenberg
44%
Wuschel Mike Singer
44%
Nilpferd Nelson Müller
44%
Rosty Rick Kavanian
44%
Katze Vicky Leandros
44%
King Wayne Carpendale
44%
Axolotl Andrea Sawatzki
38%
Teddy Annemarie Carpendale
38%
Leopard Casandra Steen
38%
Erdfrau Daniela Katzenberger
38%
Kudu Daniel Aminati
38%
Zebra Ella Endlich
38%
Kakadu Heinz Hoenig
38%
1.Staffel Oktopus Lucy Diakovska
38%
Troll Mieze Katz
38%
Hammerhai Pierre Littbarski
38%
Schildkröte Thomas Anders
38%
Gans Yvonne Catterfeld
38%
Roboter Caroline Beil
31%
Einhorn Franziska van Almsick
31%
Flipflop Heiko/Roman Lochmann
31%
Schuhschnabel Luca Hänni
31%
Eichhörnchen Marcus Schenkenberg
31%
Floh Mirja Boes
31%
Stinktier Peter Kraus
31%
Flamingo Ross Antony
31%
Raupe Sandy Mölling
31%
Dinosaurier Sasha
31%
Panther Stefanie Hertel
31%
Monster Susianna Kentikian
31%
3.Staffel Biene Veronica Ferres
31%
Frosch Wigald Boning
31%
Alien Alec Völkel
25%
Seepferdchen Anna Loos
25%
Anubis Ben Blümel
25%
Werwolf Bürger Lars Dietrich
25%
Heldin Christina Stürmer
25%
Maulwurf Daniel Donskoy
25%
Fledermaus Franziska Knuppe
25%
Drache Gregor Meyle
25%
Stier Guildo Horn
25%
Quokka Henning Baum
25%
Staffel 10 Couchpotato Hugo Egon Balder
25%
Toast Inka Bause
25%
8.Staffel Känguru Jan Josef Liefers
25%
Seestern Jasna Fritzi Bauer
25%
Galax'Sis Joana Zimmer
25%
Küken Judith Rakers
25%
Staffel 9 Okapi Katja Ebstein
25%
4.Staffel Schwein Katrin Müller-Hohenstein
25%
Dornteufel Mark Keller
25%
Rentier Mickie Krause
25%
Ork Nora Tschirner
25%
Göttin Rebecca Immanuel
25%
Gorilla Rurik Gislason
25%
Phönix Samuel Koch
25%
Weihnachts Special Geschenk Steven Gätjen
25%
Schmetterling Susan Sideropoulos
25%
Monstronaut Thore Schölermann
25%
Tapsi der Babylöwe Uschi Glas
25%
Kiwi Uwe Ochsenknecht
25%
Goldi Armin Rohde
19%
Ehrmann Tiger Barbara Meier
19%
Möwe Cherno Jobatey
19%
Willi Weihnacht Eko Fresh
19%
Dude Evil Jared
19%
Hummer Jochen Schropp
19%
Walross Jutta Speidel
19%
Muuhnika Meltem Kaptan
19%
Staffel 11 Nashorn Pascal Hens
19%
Koala Paul Potts
19%
Klaus Claus Tim Bendzko
19%
Eggi Amira Aly
13%
Staffel 12 Smiley Barbara Becker
13%
Harry Otter Clemens Schick
13%
Waschbär Daniel Boschmann
13%
Igel Felicitas Woll
13%
Black Mamba Felix von Jascheroff
13%
Mustang Hendrik Duryn
13%
6.Staffel Brilli Jeannine Michaelsen
13%
Eisprinzessin Jennifer Weist
13%
Zahnfee Leslie Clio
13%
Panda Loi
13%
Schneemann Lou Bega
13%
Lady Annanas Maren Kroymann
13%
Elgonia Nadja Benaissa
13%
Robodog Nazan Eckes
13%
Lulatsch Pasquale Aleardi
13%
Krokodil Sebastian Krumbiegel
13%
Zuckerwatte Annett Louisan
6%
Kiss Brigitte Nielson
6%
Mops Carolin Niemczyk
6%
Feuerlöscher Eva Padberg
6%
Marsmaus Jenke von Wilmsdorff
6%
Pirat Joris
6%
7.Staffel Brokkoli Katja Burkard
6%
Qualle Mandy Capristo
6%
Lauch Medita van Hülsen
6%
Pfeife Thomas Hayo
6%
Feuer Salamander Jessica Schwarz
0%
Frotteefant Melissa Khalaj
0%
Lokomotive Mimi Fiedler
0%
Quietsch Natalie Wörner
0%
Keine übereinstimmenden Quizze gefunden
Verteilung der Resultate
Anzahl Personen mit jedem Resultat
Perzentil nach korrekt beantworteten Fragen
Ihre Resultats-Entwicklung
Sie haben dieses Quiz seit der letzten Aktualisierung nicht gespielt